header

Inaugural lecture : (Record no. 252245)

MARC details
000 -LEADER
fixed length control field 00794nam a22002177a 4500
003 - CONTROL NUMBER IDENTIFIER
control field OSt
005 - DATE AND TIME OF LATEST TRANSACTION
control field 20241122101658.0
008 - FIXED-LENGTH DATA ELEMENTS--GENERAL INFORMATION
fixed length control field 160201b xxu||||| |||| 00| 0 eng d
010 ## - LIBRARY OF CONGRESS CONTROL NUMBER
LC control number 2013441672
020 ## - INTERNATIONAL STANDARD BOOK NUMBER
International Standard Book Number 9789966854735
040 ## - CATALOGING SOURCE
Transcribing agency RU
050 ## - LIBRARY OF CONGRESS CALL NUMBER
Classification number HD9049.C8
Item number K462 2012
100 ## - MAIN ENTRY--PERSONAL NAME
Personal name Odhiambo, Mark Ollunga.
245 ## - TITLE STATEMENT
Title Inaugural lecture :
Remainder of title the Kenyan maize sub-sector performance and its implications for food security policy dialogue /
Statement of responsibility, etc Mark Ollunga Odhiambo.
260 ## - PUBLICATION, DISTRIBUTION, ETC. (IMPRINT)
Place of publication, distribution, etc Eldoret, Kenya :
Name of publisher, distributor, etc Moi University Press,
Date of publication, distribution, etc 2012.
300 ## - PHYSICAL DESCRIPTION
Extent xx, 118 pages ;
Dimensions 23cm
490 ## - SERIES STATEMENT
Series statement Moi University inaugural lecture 14 series ;
Volume number/sequential designation no. 1, 2012
504 ## - BIBLIOGRAPHY, ETC. NOTE
Bibliography, etc Includes bibliographical references (pages 110-118).
650 ## - SUBJECT ADDED ENTRY--TOPICAL TERM
Topical term or geographic name as entry element Corn industry
Geographic subdivision Kenya.
942 ## - ADDED ENTRY ELEMENTS (KOHA)
Source of classification or shelving scheme Library of Congress Classification
Koha item type Long Loan Books
Holdings
Withdrawn status Lost status Source of classification or shelving scheme Damaged status Not for loan Collection code Home library Current library Shelving location Date acquired Total Checkouts Full call number Barcode Date last seen Price effective from Koha item type
    Library of Congress Classification     Non-fiction Rongo University Library Rongo University Library General Stacks 01/02/2016   HD9049 .C8 K462 2012 20169808 01/02/2016 01/02/2016 Long Loan Books

© 2026 Rongo University
Contact us: librarian | system librarian | Rongo university